000 00438nam a2200193Ia 4500
005 20240823034246.0
008 240823s9999||||xx |||||||||||||| ||und||
020 _a81-8264-451-8
041 _aMALAYALAM
082 _A894.8123 P7
100 _aNikos Kazantzakis
245 0 _aKurisile Swapnangal
250 _a1st
260 _c2007
_bMathruboomi
500 _aYES
650 _aNovel
_bEnglish
942 _cBK
999 _c197813
_d197813